=LDR 00000nam 2200000 4500 =001 INLIS000000000010839 =005 20210617091503 =035 ##$$a 0010-061300000010839 =008 210617################g##########0#ind## =041 ##$$a Ind =082 ##$$a 341.026 =090 ##$$a 341.026, Agu p =100 ##$$a Agung, Ide Anak Agung Gde =245 1#$$a Persetujuan linggajati prolog dan epilog /$c Dr. Mr. Ide Anak Agung Gde Agung =260 ##$$a Yogyakarta :$b Yayasan Pustaka Nusantara,$c 1995 =300 ##$$a IX-444 hlm, : $b ilus. ; $c 20 x 14 cm. =650 #4$$a Persetujuan Linggarjati =850 ##$$a NBPNMAT =084 ##$$a 341.026 AGU p =020 ##$$a 979-8628-22-5 =990 ##$$a 79.851/Pb-95 =990 ##$$a 79.850/Pb-95 =990 ##$$a 79.849/Pb-95 =990 ##$$a 81.549/Pb-95 =990 ##$$a 81.550/Pb-95 =990 ##$$a 81.551/Pb-95